Κατάλογος Βιβλιοθηκών Mediterranean College

Τεχνική Μηχανική / Αντοχή των Υλικών. (Record no. 6209)

MARC details
000 -LEADER
fixed length control field 01221cam a22001934a 4500
005 - ΗΜΕΡΟΜΗΝΙΑ ΚΑΙ ΩΡΑ ΤΕΛΕΥΤΑΙΑΣ ΕΝΗΜΕΡΩΣΗΣ
Πεδίο ελέγχου 20250605164236.0
008 - FIXED-LENGTH DATA ELEMENTS--GENERAL INFORMATION
Πεδίο ελέγχου σταθερού μήκους 250528s ||||||||||||||||||||||||d
035 ## - SYSTEM CONTROL NUMBER
System control number 21141
020 ## - ISBN
ISBN 9789602660805
040 ## - ΠΗΓΗ ΚΑΤΑΛΟΓΟΓΡΑΦΗΣΗΣ
Φορέας πρωτότυπης καταλογογράφησης MC Athens Campus Library
Γλώσσα καταλογογράφησης Ελληνικά, Μοντέρνα (1453-)
Modifying agency MC Athens Campus Library
Κανόνες περιγραφικής καταλογογράφησης AACR2
245 1# - ΤΙΤΛΟΣ ΚΑΙ ΔΗΛΩΣΗ ΥΠΕΥΘΥΝΟΤΗΤΑΣ
Τίτλος Τεχνική Μηχανική / Αντοχή των Υλικών.
Number of part/section of a work Τόμος ΙΙ
260 ## - PUBLICATION, DISTRIBUTION, ETC.
Name of publisher, distributor, etc. Συμμετρία,
Date of publication, distribution, etc. 1998
300 ## - PHYSICAL DESCRIPTION
Extent 412
520 ## - SUMMARY, ETC.
Summary, etc. Εισαγωγή, Εφελκυσμός - Θλίψη, Ανάλυση της Έντασης, Κάμψη, Διάτμηση, Στρέψη, Σύνθετη Κάμψη - Έκκεντρη Φόρτιση, Έργο Παραμόρφωσης, Ελαστική Γραμμή, Υπερστατικά Συστήματα, Θερμική Ένταση, Λυγισμός, Αντοχή σε Σύνθετη Ένταση, Σύνθετες Καταπονήσεις, Κελυφωτοί Φορείς, Σύνθετες Δοκοί, Καμπύλες Δοκοί, Κόπωση, Συνθήκες Ελαστικότητας, Προβλήματα Ελαστικότητας, Γενικές Εφαρμογές.
700 1# - ΠΡΟΣΘΕΤΗ ΑΝΑΓΡΑΦΗ--ΦΥΣΙΚΟ ΠΡΟΣΩΠΟ
Personal name Μαρκέτος Ευάγγελος Γ
9 (RLIN) 7174
942 ## - ADDED ENTRY ELEMENTS (KOHA)
Koha item type Books
Holdings
Τύπος τεκμηρίου Βιβλιοθήκη Τρέχουσα τοποθεσία Barcode Αριθμός εισαγωγής Ημερομηνία απόκτησης Ταξιθετικό σύμβολο Αριθμός αντιτύπου Κατάσταση απόσυρσης Κατάσταση χαμένου Κατάσταση κατεστραμμένου Μη δανεισμός Σύνολο δανεισμών Ημερομηνία τελευταίας εμφάνισης Η τιμή ισχύει από
Books MC Athens Campus Library MC Athens Campus Library 9780000062086 2972 05/06/2025 620.12 MAR V.II 1           05/06/2025 05/06/2025

MC Athens Campus Library
Πατησίων 94 & Κοδριγκτώνος 13, 104 34
Πελλήνης 8 & Πατησίων 107, 112 51
Τ: +30 210 8899600

MC Thessaloniki Campus Library
Ίωνος Δραγούμη 21, 54625 | Ίωνος Δραγούμη 15, 54625
Τ: +30 2310 287779 – Τ: +30 2314 440300